The rediscoverers, major writers in the Portuguese literature of national regeneration /

Bibliographic Details
Main Author: Sousa, Ronald W., 1943-
Format: Book
Language:English
Published: University Park : Pennsylvania State University Press, [1981]
Subjects:

MARC

Tag First Indicator Second Indicator Subfields
LEADER 00000pam a2200000 a 4500
001 in00000073884
005 20151008054733.0
008 800814s1981 pauc b 00110 engm
010 |a  80021453  
020 |a 0271003006 :  |c $15.00 
035 |a (OCoLC)06666241 
035 |9 AAJ1536AM 
040 |a DLC  |c DLC  |d m.c.  |d TXA  |d UtOrBLW 
043 |a e-po--- 
049 |a TXAM  |c [1361437] 
050 0 0 |a PQ9018  |b .S66 
082 0 |a 869/.09  |2 19 
100 1 |a Sousa, Ronald W.,  |d 1943- 
245 1 4 |a The rediscoverers, major writers in the Portuguese literature of national regeneration /  |c Ronald W. Sousa. 
264 1 |a University Park :  |b Pennsylvania State University Press,  |c [1981] 
264 4 |c ©1981 
300 |a 192 pages :  |b portraits ;  |c 24 cm. 
336 |a text  |b txt  |2 rdacontent 
337 |a unmediated  |b n  |2 rdamedia 
338 |a volume  |b nc  |2 rdacarrier 
500 |a Includes index. 
504 |a Bibliography: pages [183]-189. 
650 0 |a Portuguese literature  |x History and criticism. 
651 0 |a Portugal  |x In literature. 
999 |a MARS 
999 f f |s 45e50bc5-3561-3b65-9d57-abe9d43a2594  |i 314d75f9-e369-36ce-9367-60a1f7d54150  |t 0 
952 f f |p ric  |a Texas A&M University  |b Rellis Campus  |c Joint Library Facility  |d Remote Storage  |t 0  |e PQ9018 .S66  |h Library of Congress classification  |i unmediated -- volume  |m A14806182409 
998 f f |a PQ9018 .S66  |t 0  |l Remote Storage